Największe miasta Beneluksu - Statystyki

Ogólne statystyki
  • Ten quiz został rozwiązany 106 razy
  • Średni wynik to 8 z 15
Statystyki odpowiedzi
liczba ludności miasto % Poprawnych
872 779 Amsterdam
100%
185 103 Bruksela
100%
651 376 Rotterdam
92%
545 163 Haga
85%
529 247 Antwerpia
78%
234 456 Eindhoven
58%
357 694 Utrecht
54%
197 217 Liege
47%
232 922 Groningen
38%
263 927 Gandawa
37%
184 271 Breda
33%
202 746 Charleroi
28%
177 698 Nijmegen
23%
219 800 Tilburg
14%
211 840 Almere
8%
Nie znaleziono quizów pasujących do podanych kryteriów
Rozkład punktacji
Procent ludzi z każdym wynikiem
Percentyl według liczby udzielonych odpowiedzi
Twoja historia wyników
Nie rozwiązałeś tego quizu